Phipson on evidence. (Record no. 4294)
[ view plain ]
| 000 -LEADER | |
|---|---|
| fixed length control field | 01096cam a22002892 4500 |
| 001 - CONTROL NUMBER | |
| control field | 0000021386 |
| 005 - DATE AND TIME OF LATEST TRANSACTION | |
| control field | 20151217145934.0 |
| 008 - FIXED-LENGTH DATA ELEMENTS--GENERAL INFORMATION | |
| fixed length control field | 120419s xx 000 0 eng d |
| 020 ## - INTERNATIONAL STANDARD BOOK NUMBER | |
| International Standard Book Number | 1847036063 : |
| 040 ## - CATALOGING SOURCE | |
| Original cataloging agency | KABU |
| Transcribing agency | KABU |
| 100 1# - MAIN ENTRY--PERSONAL NAME | |
| Personal name | Phipson, Sidney L. |
| -- | 0000182204 |
| 245 10 - TITLE STATEMENT | |
| Title | Phipson on evidence. |
| 250 ## - EDITION STATEMENT | |
| Edition statement | 17th ed. / |
| Remainder of edition statement | Hodge M. Malek ...[et al.]. |
| 260 ## - PUBLICATION, DISTRIBUTION, ETC. (IMPRINT) | |
| Place of publication, distribution, etc. | London : |
| Name of publisher, distributor, etc. | Sweet & Maxwell, |
| Date of publication, distribution, etc. | 2010. |
| 300 ## - PHYSICAL DESCRIPTION | |
| Extent | cclxviii, 1574 p. |
| 650 #0 - SUBJECT ADDED ENTRY--TOPICAL TERM | |
| Topical term or geographic name as entry element | Evidence (Law) |
| Geographic subdivision | Great Britain. |
| -- | 0000160151 |
| 700 1# - ADDED ENTRY--PERSONAL NAME | |
| Personal name | Malek, Hodge M. |
| -- | 0000182205 |
| 852 1# - LOCATION | |
| -- | p52,469.28 KES |
| 852 1# - LOCATION | |
| -- | p52,469.28 KES |
| 852 1# - LOCATION | |
| -- | p52,469.28 KES |
| 852 1# - LOCATION | |
| -- | p52,469.28 KES |
| 908 ## - PUT COMMAND PARAMETER (RLIN) | |
| Put command parameter | 120419 |
| 950 ## - LOCAL HOLDINGS (RLIN) | |
| -- | 1 |
| Withdrawn status | Lost status | Source of classification or shelving scheme | Not for loan | Home library | Current library | Date acquired | Total Checkouts | Full call number | Barcode | Date last seen | Date last checked out | Price effective from | Koha item type | Total Renewals |
|---|---|---|---|---|---|---|---|---|---|---|---|---|---|---|
| Library of Congress Classification | Kabarak, Main Campus | Kabarak, Main Campus | 17/12/2015 | 1 | KD7499 .P45 2010 c.1 | 20922 | 12/07/2016 | 05/07/2016 | 17/12/2015 | General Collection | ||||
| Library of Congress Classification | Kabarak, Main Campus | Kabarak, Main Campus | 17/12/2015 | 7 | KD7499 .P45 2010 c.2 | 20921 | 01/10/2021 | 30/09/2021 | 17/12/2015 | General Collection | ||||
| Library of Congress Classification | Kabarak, Main Campus | Kabarak, Main Campus | 17/12/2015 | 2 | KD7499 .P45 2010 c.3 | 20920 | 01/10/2021 | 01/10/2021 | 17/12/2015 | General Collection | 1 | |||
| Library of Congress Classification | Kabarak, Main Campus | Kabarak, Main Campus | 17/12/2015 | KD7499 .P45 2011 1st suppl. c. 1 | 21184 | 17/12/2015 | 17/12/2015 | General Collection | ||||||
| Library of Congress Classification | Kabarak, Main Campus | Kabarak, Main Campus | 17/12/2015 | KD7499 .P45 2011 1st suppl. c. 4 | 21187 | 17/12/2015 | 17/12/2015 | General Collection | ||||||
| Library of Congress Classification | Kabarak, Main Campus | Kabarak, Main Campus | 17/12/2015 | 2 | KD7499 .P45 2011 1st suppl. c. 2 | 21185 | 12/11/2024 | 28/10/2024 | 17/12/2015 | General Collection | ||||
| Library of Congress Classification | Kabarak, Main Campus | Kabarak, Main Campus | 17/12/2015 | 2 | KD7499 .P45 2010 c.4 | 20923 | 16/12/2017 | 12/10/2017 | 17/12/2015 | General Collection | ||||
| Library of Congress Classification | Kabarak, Main Campus | Kabarak, Main Campus | 17/12/2015 | 2 | KD7499 .P45 2011 1st suppl. c. 3 | 21186 | 06/12/2024 | 05/12/2024 | 17/12/2015 | General Collection | ||||
| Library of Congress Classification | Kabarak, Main Campus | Kabarak, Main Campus | 17/12/2015 | 2 | KD7499 .P45 2010 c. 5 | 21188 | 08/10/2021 | 30/09/2021 | 17/12/2015 | General Collection | 1 |